Statistiques concernant Meilleur joueur du Tournoi des Six Nations.

Cliquez ici pour prendre le quiz!

Statistiques générales

  • Ce quiz a été pris 109 fois
    (69 depuis la dernière actualisation)
  • Le résultat moyen est 7 sur 20

Statistiques - réponses

AnnéeNationalitéJoueur% Correct
2023Antoine Dupont
100%
2020Antoine Dupont
100%
2022Antoine Dupont
100%
2009Brian O'Driscoll
42%
2006Brian O'Driscoll
42%
2007Brian O'Driscoll
42%
2017Stuart Hogg
42%
2016Stuart Hogg
42%
2019Alun Wyn Jones
38%
2021Hamish Watson
25%
2005Martyn Williams
22%
2008Shane Williams
22%
2015Paul O'Connell
16%
2013Leigh Halfpenny
14%
2018Jacob Stockdale
9%
2014Mike Brown
6%
2011Andrea Masi
5%
2004Gordon D'Arcy
5%
2012Dan Lydiate
3%
2010Tommy Bowe
3%

Distribution des résultats

Percentile par nombre de réponses

% des personnes avec chaque résultat

Votre développement - résultats

Vous n’avez pas pris ce quiz depuis la dernière actualisation